indigenous knowledge of farmers in planting banana and mango fruit trees (ចំណោះដឹងមានស្រាប់របស់កសិករលើការដំាដុះឈើហូបផ្លៃ ចេក និង ស្វាយ) (Record no. 477)
[ view plain ]
| 000 -LEADER | |
|---|---|
| fixed length control field | 00609nam a22001577a 4500 |
| 003 - CONTROL NUMBER IDENTIFIER | |
| control field | OSt |
| 005 - DATE AND TIME OF LATEST TRANSACTION | |
| control field | 20150915104125.0 |
| 008 - FIXED-LENGTH DATA ELEMENTS--GENERAL INFORMATION | |
| fixed length control field | 150915b xxu||||| |||| 00| 0 eng d |
| 040 ## - CATALOGING SOURCE | |
| Transcribing agency | RUA |
| 082 ## - DEWEY DECIMAL CLASSIFICATION NUMBER | |
| Classification number | AGR CHE 2002 B027 Or.1 |
| 100 ## - MAIN ENTRY--PERSONAL NAME | |
| 9 (RLIN) | 497 |
| Personal name | CHEM, SOCHEA. |
| 245 ## - TITLE STATEMENT | |
| Title | indigenous knowledge of farmers in planting banana and mango fruit trees (ចំណោះដឹងមានស្រាប់របស់កសិករលើការដំាដុះឈើហូបផ្លៃ ចេក និង ស្វាយ) |
| 260 ## - PUBLICATION, DISTRIBUTION, ETC. (IMPRINT) | |
| Place of publication, distribution, etc. | Phnom Penh |
| Name of publisher, distributor, etc. | RUA |
| Date of publication, distribution, etc. | 2002 |
| 300 ## - PHYSICAL DESCRIPTION | |
| Extent | 77p. |
| Other physical details | ill. |
| Dimensions | 29cm. |
| 942 ## - ADDED ENTRY ELEMENTS (KOHA) | |
| Source of classification or shelving scheme | |
| Koha item type | AGR |
| Price effective from | Date last seen | Permanent Location | Not for loan | Date acquired | Source of classification or shelving scheme | Koha item type | Lost status | Withdrawn status | Date last checked out | Total Checkouts | Shelving location | Damaged status | Barcode | Current Location | Full call number |
|---|---|---|---|---|---|---|---|---|---|---|---|---|---|---|---|
| 2015-09-15 | 2018-05-23 | Library Block B | 2015-09-15 | AGR | 2018-05-04 | 2 | B027 | RUA002514 | Library Block B | AGR CHE 2002 B027 Or.1 | |||||
| 2015-09-15 | 2017-02-06 | Library Block B | 2015-09-15 | AGR | 2017-01-03 | 1 | B027 | RUA002868 | Library Block B | AGR CHE 2002 B027 Or.2 | |||||
| 2015-09-15 | 2023-10-18 | Library Block B | 2015-09-15 | AGR | 2023-09-26 | 1 | B027 | RUA002214 | Library Block B | AGR CHE 2002 B027 Or.3 | |||||
| 2015-09-15 | 2015-09-15 | Library Block B | 2015-09-15 | AGR | B027 | RUA002286 | Library Block B | AGR CHE 2002 B027 Or.4 | |||||||
| 2015-09-15 | 2015-09-15 | Library Block B | 2015-09-15 | AGR | B027 | RUA002913 | Library Block B | AGR CHE 2002 B027 Or.5 | |||||||
| 2015-09-15 | 2016-03-25 | Library Block B | 2015-09-15 | AGR | 2016-03-17 | 1 | B027 | RUA002357 | Library Block B | AGR CHE 2002 B027 Or.6 |